Understanding International relations (Record no. 7747)

MARC details
000 -LEADER
fixed length control field 00577nam a22002057a 4500
003 - CONTROL NUMBER IDENTIFIER
control field OSt
005 - DATE AND TIME OF LATEST TRANSACTION
control field 20220228130606.0
008 - FIXED-LENGTH DATA ELEMENTS--GENERAL INFORMATION
fixed length control field 220228b ||||| |||| 00| 0 eng d
020 ## - INTERNATIONAL STANDARD BOOK NUMBER
International Standard Book Number 9780230213111
040 ## - CATALOGING SOURCE
Transcribing agency DDC
082 ## - DEWEY DECIMAL CLASSIFICATION NUMBER
Classification number 303.482 BRO 2009
100 ## - MAIN ENTRY--PERSONAL NAME
Personal name Brown Chris : Ainley, Kirsten
9 (RLIN) 15802
245 ## - TITLE STATEMENT
Title Understanding International relations
250 ## - EDITION STATEMENT
Edition statement 4th ed. rev. updated.
260 ## - PUBLICATION, DISTRIBUTION, ETC. (IMPRINT)
Place of publication, distribution, etc. London
Name of publisher, distributor, etc. : Palgrave Macmillan
Date of publication, distribution, etc. , C 2009
300 ## - PHYSICAL DESCRIPTION
Extent xi,321p.
Dimensions ; 24 cm
504 ## - BIBLIOGRAPHY, ETC. NOTE
Bibliography, etc Bibliography<br/>Index
650 ## - SUBJECT ADDED ENTRY--TOPICAL TERM
Topical term or geographic name as entry element International relations
9 (RLIN) 1279
942 ## - ADDED ENTRY ELEMENTS (KOHA)
Source of classification or shelving scheme Dewey Decimal Classification
Koha item type Book
Holdings
Withdrawn status Lost status Source of classification or shelving scheme Damaged status Not for loan Home library Current library Date acquired Source of acquisition Inventory number Total Checkouts Full call number Barcode Date last seen Price effective from Koha item type
    Other/Generic Classification Scheme     Faculty of Interdisciplinary Studies Library Faculty of Interdisciplinary Studies Library 28/02/2022 Purchase 13/4604   303.482 BRO 2009 2022-0314 28/02/2022 28/02/2022 Book